000 00555nam a22001457a 4500
008 140826b xxu||||| |||| 00| 0 eng d
020 _a0406093865
050 _aKD277.7.L39(1957 vol.2)
245 _aThe Law Reports (1957 vol.2) Queen's Bench division: on appeal therefrom in the Court of Appeal and decisions in the court of criminal appeal. /
_c Edited by R. P Colinvaux.
260 _aLondon:
_bButterworth & Co Ltd.,
_c1957.
300 _aIx, 672p.:
_c24cm
440 _pQueen's Bench division
_vVol. 2
800 _aColinvaux R. P
942 _2lcc
_cBK
999 _c3740
_d11240